| 000 | 00724nam a2200193 a 4500 | ||
|---|---|---|---|
| 008 | 120416s1978 ||||||||||||||||| || u | ||
| 020 | _a0914236156 | ||
| 050 | _aZ 699 Chr | ||
| 100 | _aChristian, Roger | ||
| 245 | 1 | 4 | _aThe electronic library: bibliographic databases: 1978-79 |
| 260 |
_aNew York: _bKnowledge Industry _c1978 |
||
| 300 | _aiii, 105p. : ill. | ||
| 350 | _a0.00 | ||
| 650 | _aLibraries and electronic publishing | ||
| 650 | _aLIBRARIES--AUTOMATION | ||
| 650 | _aMachine-readable bibliographic data | ||
| 650 | _aBIBLIOGRAPHY--DATABASES | ||
| 995 |
_D0.00 _FCBU-MAIN LIBRARY (Kitwe) _H1 _I4.00 _UWEEDED _VAug 31, 2017 _ZMain Library Open Access Collection |
||
| 999 |
_c41543 _d41543 |
||